NFL Players From Alabama - Sudden Death - Statistics

General Stats
  • This quiz has been taken 6,365 times
  • The average score is 11 of 17
Answers on the Grid
Answers color-coded by a green-red scale on the quiz's grid according to % correct below.
A.J. Brown
Alvin Kamara
Amari Cooper
Anthony Richardson
Brian Branch
Brian Robinson Jr.
Bryce Young
C.J. Stroud
Ceedee Lamb
Derrick Henry
Devonta Smith
Jahmyr Gibbs
Jalen Hurts
Jameson Williams
Jaylen Waddle
Jordan Love
Josh Jacobs
Justin Herbert
Justin Jefferson
Kyle Hamilton
Lamar Jackson
Mac Jones
Micah Parsons
Minkah Fitzpatrick
Myles Garrett
Nick Chubb
Patrick Surtain II
Saquon Barkley
T.J. Watt
Travis Kelce
Tua Tagovailoa
Will Anderson
 
Answer Stats
Answer % Correct
Bryce Young
83%
Amari Cooper
77%
Derrick Henry
76%
Devonta Smith
76%
Jalen Hurts
70%
Jaylen Waddle
69%
Tua Tagovailoa
68%
Mac Jones
66%
Jahmyr Gibbs
65%
Jameson Williams
61%
Brian Branch
60%
Josh Jacobs
60%
Patrick Surtain II
57%
Brian Robinson Jr.
55%
Minkah Fitzpatrick
55%
Will Anderson
54%
Alvin Kamara
49%
No matching quizzes found
Score Distribution
Percent of People with Each Score
Percentile by Number Answered
Your Score History
You have not taken this quiz